| 000 | 02171nam a2200577 i 4500 | ||
|---|---|---|---|
| 001 | 5952 | ||
| 003 | KOSZ 005 | ||
| 005 | 20220525120651.0 | ||
| 008 | 970510s1993 pl a |001 0 pol | ||
| 015 | _aUWD 1994/2635 | ||
| 020 | _a8301102055 | ||
| 035 | _a991000424859705066 | ||
| 035 | _a(PL-WaBN)b10156859-48omnis_nlop | ||
| 035 | _ab10156859 | ||
| 035 | _a(OCoLC)750038660 | ||
| 035 | _a(PL)b0000001015685 | ||
| 035 | _a(EXLNZ-48OMNIS_NETWORK)9910528692305606 | ||
| 040 |
_aWA N _cWA N _dKOSZ 005/AR |
||
| 041 | 1 |
_apol _heng |
|
| 044 | _apl | ||
| 080 | _a519.8 | ||
| 080 | _a510.5 | ||
| 080 | _a519.6 | ||
| 080 | _a(075.8) | ||
| 100 | 1 |
_aSysło, Maciej Marek _d(1945- ) _eAutor |
|
| 240 |
_aDiscrete optimization algorithms _l(pol.) |
||
| 245 | 1 | 0 |
_aAlgorytmy optymalizacji dyskretnej z programami w języku Pascal / _cMaciej M. Sysło, Narsingh Deo, Janusz S. Kowalik ; [z angielskego tłumaczyli Marek Kubale, Jerzy Kucharczyk, Maciej M. Sysło]. |
| 246 | 1 |
_iTytuł oryginału : _aDiscrete optimization algorithms with Pascal programs, _f1983. |
|
| 260 |
_aWarszawa : _bWydawnicwo Naukowe PWN, _c1993. |
||
| 300 |
_a510, [1] strona : _bilustracje ; _c24 cm. |
||
| 336 |
_aTekst _btxt _2rdacontent |
||
| 337 |
_aBez urządzenia pośredniczącego _bn _2rdamedia |
||
| 338 |
_aWolumin _bnc _2rdacarrier |
||
| 380 | _aKsiążki | ||
| 388 | _a1901-2000 | ||
| 388 | _a1989-2000 | ||
| 504 | _aBibliografia przy rozdziałach. Indeks. | ||
| 650 | 7 |
_aAlgorytmy _2DBN |
|
| 650 | 7 |
_aOptymalizacja _2DBN |
|
| 650 | 7 |
_aPASCAL (język programowania) _2DBN |
|
| 655 | 7 |
_aPodręczniki akademickie _2DBN |
|
| 658 | _aInformatyka i technologie informacyjne | ||
| 700 | 1 |
_aDeo, Narsingh _d(1936- ) _eAutor |
|
| 700 | 1 |
_aKowalik, Janusz Szczęsny _d(1934-) _eAutor |
|
| 700 | 1 |
_aKubale, Marek _d(1946- ) _eTłumaczenie |
|
| 710 | 2 |
_aWydawnictwo Naukowe PWN _4pbl |
|
| 700 | 1 |
_aKucharczyk, Jerzy _c (informatyk) _eTłumaczenie |
|
| 856 |
_uhttp://koha.tu.koszalin.pl/cgi-bin/koha/opac-detail.pl?biblionumber=5952 _yKatalog online BPK |
||
| 942 |
_2UKD _cKS |
||
| 999 |
_c5952 _d5952 |
||